书目信息 |
| 题名: |
全辽文
|
|
| 作者: | 陈述 辑校 | |
| 分册: | ||
| 出版信息: | 北京 中华书局 1982 |
|
| 页数: | 427页 | |
| 开本: | 25cm | |
| 丛书名: | ||
| 单 册: | ||
| 中图分类: | K246.1 | |
| 科图分类: | ||
| 主题词: | 中国--历史 | |
| 电子资源: | ||
| ISBN: | ||
| 000 | 00624nam0 2200229 45 | |
| 001 | 0182007897 | |
| 005 | 20060719152036.75 | |
| 010 | @dCNY3.20 | |
| 091 | @a10018.477 | |
| 100 | @a19950628d1982 em y0chiy0121 ea | |
| 101 | 0 | @achi |
| 102 | @aCN@b110000 | |
| 105 | @af z 000yy | |
| 200 | 10 | @a全辽文@Aquan liao wen@e十三卷@f陈述辑校@Fchen shu ji xiao |
| 210 | @a北京@c中华书局@d1982 | |
| 215 | @a427页@e附图版10张@d25cm | |
| 606 | 0 | @a中国@x历史 |
| 690 | @aK246.1 | |
| 701 | 0 | @a陈述@Achen shu@4辑校 |
| 801 | 0 | @aCN@b上海图书馆@c20060719 |
| 801 | 2 | @aCN@bNLC@c20060420 |
| 905 | @f1@b215005@dK246.1@e7@b127389-390@f2 | |
| 全辽文:十三卷/陈述辑校.-北京:中华书局,1982 |
| 427页+附图版10张;25cm |
| ISBN :CNY3.20 |
| ● |
| 相关链接 |
|
|
|
|
正题名:全辽文
索取号:K246.1/7
 
预约/预借
| 序号 | 登录号 | 条形码 | 馆藏地/架位号 | 状态 | 备注 |
| 1 | 0127389 | 000643334 | 第二借阅区/ [索取号:K246.1/7] | 在馆 | |
| 2 | 0127390 | 000643343 | 第二借阅区/ [索取号:K246.1/7] | 在馆 | |
| 3 | 0127391 | 000643325 | 第二样本阅览室/ [索取号:K246.1/7] | 在馆 | |
| 4 | 0215005 | 000643352 | 第二借阅区/ [索取号:K246.1/7] | 在馆 | |
| 5 | 0215065 | 000643352 | 第二借阅区/ [索取号:K246.1/7] | 在馆 | |
| 6 | 0254155 | 202269464 | 密集书库/ [索取号:K246.1/7] | 在馆 | |
| 7 | 0435091 | 204350914 | 密集书库/ [索取号:K246.1/7] | 在馆 | |
| 8 | 0435092 | 204350923 | 密集书库/ [索取号:K246.1/7] | 在馆 |